00566 a2200181 4500001000700000003000400007005001700011008004100028020001800069082001800087100002500105245010500130260004500235300001000280490003700290700003000327700002700357131283OSt20210910154215.0  a9780195641493 a954.035bB65I1 aBose, Subhas Chandra1 aThe Indian struggle 1920-1942cby Subhas Chandra Bose and edited by Sisir Kumar Bose and Sugata Bose aNew DelhibOxford University Pressc2011 a418p. aNetaji : collected works vvol.2 aBose, Sisir KumareEditor aBose, Sugata eEditor